| 000 | 00531nam a2200193Ia 4500 | ||
|---|---|---|---|
| 003 | OSt | ||
| 005 | 20251215120441.0 | ||
| 008 | 220917b |||||||| |||| 00| 0 eng d | ||
| 037 | _cTB | ||
| 040 |
_aARTS _cARTS _beng |
||
| 041 |
_2eng _aeng |
||
| 084 |
_aQ4 M2 _qAL |
||
| 100 |
_aTendzin Osel _974046 |
||
| 245 | 0 | _aBuddha in the palm of your hand ed by Donna Holm | |
| 260 |
_aBoulder,: _bShambhala, _c1982. |
||
| 650 |
_aRELIGION _9856573 |
||
| 942 |
_hQ4, M2 _cTB _2CC _n0 |
||
| 999 |
_c187249 _d187249 |
||